Focus (Record no. 77231)

MARC details
000 -LEADER
fixed length control field 01124cab a2200277 4500
001 - CONTROL NUMBER
control field ##L133859
008 - FIXED-LENGTH DATA ELEMENTS--GENERAL INFORMATION
fixed length control field 060613n2006 000 0 eng u
035 ## - SYSTEM CONTROL NUMBER
System control number (Sirsi) u133859
041 0# - LANGUAGE CODE
Language code of text/sound track or separate title eng
100 1# - MAIN ENTRY--PERSONAL NAME
Personal name Harris, David
245 00 - TITLE STATEMENT
Title Focus
Remainder of title North Wales and Cheshire
260 ## - PUBLICATION, DISTRIBUTION, ETC.
Date of publication, distribution, etc. 2006
490 #0 - SERIES STATEMENT
Series statement Estates Gazette
Volume/sequential designation (0623) 10 June 2006, 123-143(11)
520 ## - SUMMARY, ETC.
Summary, etc. Reports on a speculative office development in the historic city of Chester; further obstacles to Warrington's giant Omega warehousing and office development scheme; and plans for a new retail-led, mixed use scheme in Crewe. Also looks at the industrial market in Cheshire; and new interest from the private sector in large-scale commercial development in North Wales, where reliance on public sector money has been the norm.
590 ## - LOCAL NOTE (RLIN)
Local note IKA200606
651 #4 - SUBJECT ADDED ENTRY--GEOGRAPHIC NAME
Geographic name NORTH WALES
651 #4 - SUBJECT ADDED ENTRY--GEOGRAPHIC NAME
Geographic name CHESHIRE
651 #4 - SUBJECT ADDED ENTRY--GEOGRAPHIC NAME
Geographic name CHESTER
651 #4 - SUBJECT ADDED ENTRY--GEOGRAPHIC NAME
Geographic name WARRINGTON
651 #4 - SUBJECT ADDED ENTRY--GEOGRAPHIC NAME
Geographic name CREWE
690 ## - LOCAL SUBJECT ADDED ENTRY--TOPICAL TERM (OCLC, RLIN)
Topical term or geographic name as entry element PROPERTY-COMMERCIAL PROPERTY-COMMERCIAL PROPERTY MARKET
700 1# - ADDED ENTRY--PERSONAL NAME
Personal name Thame, David
700 1# - ADDED ENTRY--PERSONAL NAME
Personal name Quinn, David
700 1# - ADDED ENTRY--PERSONAL NAME
Personal name Cunningham, Daniel
942 ## - ADDED ENTRY ELEMENTS (KOHA)
Suppress in OPAC 0
Holdings
Withdrawn status Lost status Source of classification or shelving scheme Damaged status Not for loan Home library Current library Shelving location Date acquired Total Checkouts Full call number Barcode Date last seen Copy number Price effective from Koha item type
    Dewey Decimal Classification     London London Journal article 13/06/2006   L133859 133859-1001 06/08/2019 1 06/08/2019 Journal article